| 000 | 02233nam a22003735i 4500 | ||
|---|---|---|---|
| 999 |
_c26870 _d26870 |
||
| 006 | a|||||o|||| 00| 0 | ||
| 007 | cr nn 008mamaa | ||
| 008 | 190201s2019 sz | s |||| 0|eng d | ||
| 020 |
_a9783030038250 _qOnline Resource |
||
| 072 | 7 |
_aKJMV9 _2bicssc |
|
| 072 | 7 |
_aBUS087000 _2bisacsh |
|
| 072 | 7 |
_aKJMV9 _2thema |
|
| 082 | 0 | 4 |
_a658.7 _223 |
| 100 | 1 | _aZhang, Xufan. | |
| 245 | 1 | 0 |
_aMaritime Container Port Security _h[electronic resource] : _bUSA and European Perspectives / _cby Xufan Zhang, Michael Roe. |
| 250 | _a1st ed. 2019. | ||
| 260 |
_aLondon _bSpringer _c2019 |
||
| 300 |
_aXIX, 282 p. 8 illus., 3 illus. in color. _bonline resource. |
||
| 505 | 0 | _aIntroduction -- Maritime Security Measures and the Container Security Initiative (CSI) -- Port Competition -- Models of Container Port Security -- Research Methodology for Container Port Security -- The Delphi Research Process -- The Delphi Results -- The Implications for Container Port Security -- Maritime Governance, Security Measures and Port -- Competition in the EU -- Conclusions for Container Port Security. | |
| 520 | _aPlacing special emphasis on the significant security issues associated with modern container international transport, this book provides in-depth exploration on both the US and European Union port and shipping policy, and that of wider international trade. The authors take an original and topical look at the security initiatives introduced by the USA and their impact in the EU. Based on original research by renowned experts in the field, this book provides vital insight for academics, government policy-makers and practitioners. | ||
| 650 | 0 | _aBusiness logistics. | |
| 650 | 0 | _aShipping. | |
| 650 | 1 | 4 | _aLogistics. |
| 650 | 2 | 4 | _aMaritime Economics. |
| 700 | 1 |
_aRoe, Michael. _eauthor. _4aut _4http://id.loc.gov/vocabulary/relators/aut |
|
| 710 | 2 | _aSpringerLink (Online service) | |
| 773 | 0 | _tSpringer Nature eBook | |
| 776 | 0 | 8 |
_iPrinted edition: _z9783030038243 |
| 776 | 0 | 8 |
_iPrinted edition: _z9783030038267 |
| 856 | 4 | 0 | _uhttps://doi.org/10.1007/978-3-030-03825-0 |
| 942 |
_2ddc _cEBK |
||